Quaresma del padre Pablo Señeri,de la compañía de Jesús, predicador de N. Santísima P. Inocencio XII. y su theologo (Record no. 8663)

MARC details
000 -CABECERA
campo de control de longitud fija 01825nam a2200265 a 4500
001 - NÚMERO DE CONTROL
campo de control BRCA_9012
005 - FECHA Y HORA DE LA ÚLTIMA TRANSACCIÓN
campo de control 20190320210507.0
008 - DATOS DE LONGITUD FIJA--INFORMACIÓN GENERAL
campo de control de longitud fija 200717s1765----sp-a######---#000-0#spa-#
041 ## - CÓDIGO DE LENGUA
Código de lengua del texto/banda sonora o título independiente spa
044 ## - CÓDIGO DEL PAÍS DE LA ENTIDAD EDITORA/PRODUCTORA
Código MARC del país sp
084 ## - OTRO NÚMERO DE CLASIFICACIÓN
Número de clasificación LE24
Número de documento/Ítem .S46 1765
100 1# - ENTRADA PRINCIPAL--NOMBRE DE PERSONA
Nombre de persona Señeri, Pablo
Fechas asociadas al nombre 1624-1694
9 (RLIN) 21265
245 10 - MENCIÓN DE TÍTULO
Título Quaresma del padre Pablo Señeri,de la compañía de Jesús, predicador de N. Santísima P. Inocencio XII. y su theologo
Mención de responsabilidad, etc. traducida de la lengua toscana a la castellana por el Doctor Antonio de las Casas.
260 ## - PUBLICACIÓN, DISTRIBUCIÓN, ETC.
Lugar de publicación, distribución, etc. Barcelona
Nombre del editor, distribuidor, etc. En la Imprenta de Maria Angela Marti viuda
Fecha de publicación, distribución, etc. 1765
300 ## - DESCRIPCIÓN FÍSICA
Extensión [4]. 415 p. (t.2)
Dimensiones 21.6 x 15.5 cm
500 ## - NOTA GENERAL
Nota general Con licencias necesarias
500 ## - NOTA GENERAL
Nota general Estado físico: presenta encuadernación en pergamino con cintas rotas
500 ## - NOTA GENERAL
Nota general Con marca de fuego: “Procedencia de la marca: Convento de Santa Teresa Jesús de Querétaro (1). Institución: Orden de Carmelitas Descalzos. Provincia de San Alberto de México. Descripción: Variación sobre las armas de la Orden del Monte Carmelo. Un mantel sumado de una cruz patada y cargado de una letra capital Q. Al timbre, corona real abierta. Observaciones: Esta marca conserva tres elementos del escudo carmelita: la cruz, el mantel / monte y la corona de tres florones, simplificación de la de 12 estrellas (sentido místico del Apocalipsis) (2) ---------- En 2006 Fermín Campos sugirió que la inicial Q es la sigla de la palabra ´Querétaro´. Ubicación de la marca en el libro: Portada”
650 14 - PUNTO DE ACCESO ADICIONAL DE MATERIA--TÉRMINO DE MATERIA
Término de materia o nombre geográfico como elemento de entrada Sermones de cuaresma
Subdivisión cronológica Obras anteriores a 1800
9 (RLIN) 21718
700 1# - PUNTO DE ACCESO ADICIONAL--NOMBRE DE PERSONA
Nombre de persona Inocencio XII
Fechas asociadas al nombre Papa
9 (RLIN) 22355
700 1# - PUNTO DE ACCESO ADICIONAL--NOMBRE DE PERSONA
Nombre de persona Casas, Antonio de las
Término indicativo de función/relación tr.
9 (RLIN) 22356
856 ## - LOCALIZACIÓN Y ACCESO ELECTRÓNICOS
Nombre del host http://www.marcasdefuego.buap.mx:8180/xmLibris/projects/firebrand/item.jsp?repository=marcas_de_fuego&key=1cac16ac.xml&num=19
902 ## - CATALOGADOR
Iniciales CFM
942 ## - ELEMENTOS DE PUNTO DE ACCESO ADICIONAL (KOHA)
Fuente del sistema de clasificación o colocación Library of Congress Classification
Tipo de ítem Koha Libros
Holdings
Estado de retiro Estado de pérdida Estado dañado No para préstamo Localización permanente Ubicación/localización actual Fecha de adquisición Total de préstamos Signatura topográfica completa Código de barras Fecha visto por última vez Precio válido a partir de Tipo de ítem Koha
El ejemplar forma parte de la colección y puede ser consultado según las políticas vigentes.       Biblioteca del Museo Franz Mayer (Rogerio Casas-Alatriste) Biblioteca del Museo Franz Mayer (Rogerio Casas-Alatriste) 20/07/2017   LE24 .S46 1765 CFM00394 22/03/2019 22/03/2019 Libros